000 00801nam a22002531 4500
001 28647
003 BD-RjUL
005 20211209051317.0
008 140331r19681964nyu b 001 0 eng d
035 _a(BD-RjUL)28729
040 _aDLC
_cDLC
_dDLC
_dOCoLC
_dBD-RjUL
_beng
041 _aeng
082 0 0 _a973.8
_bGIL 1968
245 1 4 _aThe gilded age :
_ba reappraisal /
_cedited by Morgan, H. Wayne.
250 _aPaperback ed.
260 _aSyracuse, N.Y. :
_bSyracuse University Press,
_c1964 [reprinted 1968].
300 _avii, 286 p. ;
_c21 cm.
504 _aIncludes bibliographical references and index.
651 0 _aUnited States
_xCivilization
_y1865-1918.
_951679
700 1 _aMorgan, H. Wayne
_q(Howard Wayne),
_987683
942 _2ddc
_cBK
999 _c28647
_d28647